[Event "Team men HL chess"]
[Site "?"]
[Date "2015.05.04"]
[Round "4.2"]
[White "Alexeev, Alexey"]
[Black "Demidov, Mikhail"]
[Result "1-0"]
[WhiteElo "2320"]
[BlackElo "2513"]
[PlyCount "207"]
[EventDate "2015.05.01"]

1. d4 d5 2. c4 dxc4 3. e3 a6 4. Bxc4 Nf6 5. Nf3 b5 6. Bd3 e6 7. a4 b4 8. Nbd2
Bb7 9. Qe2 Nbd7 10. e4 Be7 11. Nb3 c5 12. dxc5 Nxc5 13. Nxc5 Bxc5 14. O-O Qe7
15. e5 Nd5 16. Bg5 Qd7 17. Rfc1 Be7 18. Bxe7 Nf4 19. Qe3 Nxd3 20. Rc4 Nxb2 21.
Rxb4 Qxe7 22. Rxb2 O-O 23. Rab1 Bd5 24. a5 Rfc8 25. Ng5 Qc7 26. Qd3 g6 27. Qe3
Qxa5 28. h4 Qc5 29. Qf4 Qe7 30. h5 h6 31. Ne4 Bxe4 32. Qxe4 gxh5 33. Rb3 h4 34.
Rh3 Qg5 35. Rb4 a5 36. Ra4 Rc1+ 37. Kh2 Rd8 38. Rxh4 h5 39. Qe2 Rdd1 40. Rag4
hxg4 41. Rxg4 Qxg4 42. Qxg4+ Kf8 43. Qg5 Rh1+ 44. Kg3 Rcd1 45. Qe3 Rd5 46. f4
Rhd1 47. Qa7 R1d2 48. Kh3 R5d3+ 49. g3 Ra2 50. Qc5+ Kg8 51. Kh4 Rh2+ 52. Kg5
Rxg3+ 53. Kf6 Rg7 54. f5 Rh5 55. Qc8+ Kh7 56. fxe6 Rh6+ 57. Ke7 Rxe6+ 58. Kd7
Rg5 59. Qc4 Kg7 60. Qf4 Rexe5 61. Kd6 Kg6 62. Qf3 Re6+ 63. Kd7 Ree5 64. Kd6
Rd5+ 65. Kc6 Rc5+ 66. Kd6 Rgd5+ 67. Ke7 Rc7+ 68. Ke8 Rcd7 69. Qg4+ Kf6 70. Qf4+
Ke6 71. Qh6+ f6 72. Qh3+ Kd6 73. Qxd7+ Ke5 74. Qe7+ Kd4 75. Qxf6+ Kc4 76. Qa1
Kb3 77. Qb1+ Ka3 78. Qc1+ Kb3 79. Qe3+ Kc4 80. Qa3 Kb5 81. Qb3+ Kc5 82. Ke7 Kc6
83. Ke6 Rb5 84. Qc4+ Kb6 85. Kd6 Rb4 86. Qc6+ Ka7 87. Qc7+ Ka6 88. Kc5 Rb7 89.
Qd8 Ka7 90. Kc6 a4 91. Qa5+ Kb8 92. Qxa4 Rc7+ 93. Kd6 Rb7 94. Qe8+ Ka7 95. Kc6
Rb6+ 96. Kc5 Rb7 97. Qd8 Rg7 98. Kc6 Rb7 99. Qd4+ Kb8 100. Qh8+ Ka7 101. Qd8
Rf7 102. Qa5+ Kb8 103. Qe5+ Ka7 104. Qe3+ 1-0

[Event "Team men HL chess"]
[Site "?"]
[Date "2015.05.04"]
[Round "4.2"]
[White "Chekhov, Sergei"]
[Black "Triapishko, Olexandr"]
[Result "0-1"]
[WhiteElo "2480"]
[BlackElo "2393"]
[PlyCount "52"]
[EventDate "2015.05.01"]

1. e4 e5 2. Nf3 Nc6 3. Bc4 Nf6 4. Ng5 d5 5. exd5 Na5 6. Bb5+ c6 7. dxc6 bxc6 8.
Bd3 Nd5 9. Nf3 Bd6 10. O-O O-O 11. Re1 f5 12. Nxe5 Qf6 13. Nc4 Nxc4 14. Bxc4
Qh4 15. Bxd5+ cxd5 16. h3 Qf4 17. g3 Qg5 18. h4 Qg6 19. Qf3 f4 20. Qxd5+ Kh8
21. Qxa8 fxg3 22. f4 Bc5+ 23. d4 Bxd4+ 24. Be3 Qxc2 25. Qg2 Bxe3+ 26. Kh1 Bb7
0-1

[Event "Team men HL chess"]
[Site "?"]
[Date "2015.05.04"]
[Round "4.2"]
[White "Gritsayeva, Oksana"]
[Black "Pasiev, Rakhim"]
[Result "0-1"]
[WhiteElo "2328"]
[BlackElo "2400"]
[PlyCount "52"]
[EventDate "2015.05.01"]

1. e4 c5 2. Nf3 e6 3. d4 cxd4 4. Nxd4 a6 5. Bd3 Bc5 6. Nb3 Be7 7. Qg4 Nf6 8.
Qxg7 Rg8 9. Qh6 Nc6 10. O-O Ne5 11. Qh3 b5 12. Bf4 Ng6 13. Be3 e5 14. f4 exf4
15. Bxf4 d5 16. Qe3 Ng4 17. Qe2 Qb6+ 18. Kh1 Nxf4 19. Rxf4 Nxh2 20. Qh5 Rg6 21.
Qxd5 Rh6 22. Qxf7+ Kd8 23. Qd5+ Bd7 24. Qxa8+ Kc7 25. g3 Nf3+ 26. Kg2 Rh2+ 0-1

[Event "Team men HL chess"]
[Site "?"]
[Date "2015.05.04"]
[Round "4.2"]
[White "Denishev, Marat"]
[Black "Shemeakin, Alexander"]
[Result "0-1"]
[WhiteElo "2283"]
[BlackElo "2247"]
[PlyCount "76"]
[EventDate "2015.05.01"]

1. d4 d5 2. c4 c6 3. Nf3 Nf6 4. e3 Bf5 5. Bd3 Bxd3 6. Qxd3 e6 7. Nc3 Nbd7 8.
O-O Be7 9. b3 O-O 10. Bb2 Qa5 11. Rad1 Rfd8 12. Nd2 Rac8 13. e4 dxe4 14. Ndxe4
Nxe4 15. Qxe4 Nf6 16. Qe5 Bb4 17. Qg3 Qh5 18. h3 Qg6 19. Qe3 Rd7 20. Rd3 Rcd8
21. Rfd1 Qf5 22. a3 Bd6 23. b4 b5 24. cxb5 cxb5 25. g4 Qg6 26. d5 Bf8 27. Nxb5
Rxd5 28. Rxd5 Rxd5 29. Rxd5 Nxd5 30. Qd4 Qb1+ 31. Kg2 a6 32. Nd6 h5 33. Nc4
hxg4 34. hxg4 f6 35. Nd2 Qc2 36. Nf3 Bd6 37. Ne1 Qe2 38. Nd3 Qxd3 0-1

[Event "Team men HL chess"]
[Site "?"]
[Date "2015.05.04"]
[Round "4.3"]
[White "Sychev, Klementy"]
[Black "Goganov, Aleksey"]
[Result "1/2-1/2"]
[WhiteElo "2425"]
[BlackElo "2612"]
[PlyCount "105"]
[EventDate "2015.05.01"]

1. e4 e5 2. Nf3 Nc6 3. Bb5 a6 4. Ba4 Nf6 5. O-O Be7 6. Re1 b5 7. Bb3 d6 8. c3
O-O 9. h3 Nb8 10. d4 Nbd7 11. Nbd2 Bb7 12. Bc2 Re8 13. Nf1 Bf8 14. Ng3 g6 15.
a4 c5 16. d5 c4 17. Bg5 Nc5 18. Qd2 Be7 19. Ra3 Nfd7 20. Be3 Bf6 21. Rea1 Qc7
22. Bh6 Nb6 23. axb5 axb5 24. Nh2 Rxa3 25. Rxa3 Bc8 26. Bd1 Bh4 27. Qe3 Bxg3
28. fxg3 f5 29. Bf3 fxe4 30. Bxe4 Qf7 31. Nf3 Nxd5 32. Bxd5 Qxd5 33. Ra5 Ne6
34. Kh2 Bb7 35. Qb6 Qc6 36. Rxb5 Qxb6 37. Rxb6 Bxf3 38. gxf3 Nd8 39. Rb8 Kf7
40. Rb4 d5 41. Bg5 Nc6 42. Rb6 Rc8 43. b3 cxb3 44. Rxb3 Ke6 45. g4 Ra8 46. Kg3
Ra7 47. Rb6 Kd6 48. Bh6 d4 49. cxd4 exd4 50. Rb5 Ke6 51. Bf4 Ra5 52. Rb7 Ra7
53. Rb5 1/2-1/2

[Event "Team men HL chess"]
[Site "?"]
[Date "2015.05.04"]
[Round "4.3"]
[White "Yudin, Sergei"]
[Black "Glek, Igor"]
[Result "1-0"]
[WhiteElo "2520"]
[BlackElo "2417"]
[PlyCount "83"]
[EventDate "2015.05.01"]

1. b3 e5 2. Bb2 d6 3. e3 f5 4. d4 e4 5. c4 Nf6 6. Nc3 c6 7. d5 Nbd7 8. Nh3 Ne5
9. Be2 Be7 10. O-O O-O 11. Qd2 c5 12. Nf4 Re8 13. f3 exf3 14. gxf3 Bf8 15. Rae1
g6 16. Bd1 a6 17. a4 b6 18. Bc2 Ra7 19. Qg2 Bg7 20. h4 Nh5 21. Nxh5 gxh5 22.
Qg5 Qxg5+ 23. hxg5 Rae7 24. Kf2 Bd7 25. Rh1 f4 26. e4 b5 27. axb5 axb5 28. Nxb5
Nxf3 29. Bxg7 Nxe1 30. Rxe1 Rxg7 31. Nxd6 Re5 32. Ra1 Rg6 33. Ra8+ Kg7 34. Nf5+
Kf7 35. Ra7 Ke8 36. Kf3 Rxg5 37. Kxf4 Rexf5+ 38. exf5 Rg4+ 39. Ke5 h4 40. Kd6
h3 41. Rxd7 Rh4 42. Re7+ 1-0

[Event "Team men HL chess"]
[Site "?"]
[Date "2015.05.04"]
[Round "4.3"]
[White "Alikulov, Elbek"]
[Black "Vokarev, Sergey"]
[Result "0-1"]
[WhiteElo "2407"]
[BlackElo "2456"]
[PlyCount "86"]
[EventDate "2015.05.01"]

1. e4 e5 2. Nf3 Nc6 3. Bb5 a6 4. Ba4 Nf6 5. O-O Be7 6. Re1 b5 7. Bb3 d6 8. c3
O-O 9. h3 Nb8 10. d4 Nbd7 11. Nbd2 c5 12. Nf1 Re8 13. Ng5 c4 14. Bc2 h6 15. Nf3
Bf8 16. Ng3 Bb7 17. Nh2 d5 18. dxe5 Nxe4 19. Nxe4 dxe4 20. Bxe4 Bxe4 21. Rxe4
Nxe5 22. Be3 Qxd1+ 23. Rxd1 f5 24. Rf4 g6 25. Rd2 Nd3 26. Rd4 Bg7 27. Rd6 f4
28. Bb6 Re1+ 29. Nf1 Rae8 30. Rd8 Rxd8 31. Bxd8 Rb1 32. Ba5 Bf8 33. b3 Bc5 34.
b4 Bd6 35. Bb6 Be5 36. Rc2 Ne1 37. Re2 Bxc3 38. a3 Kf7 39. Bc7 Nd3 40. g3 fxg3
41. Bxg3 Bd4 42. Rd2 g5 43. Bd6 c3 0-1

[Event "Team men HL chess"]
[Site "?"]
[Date "2015.05.04"]
[Round "4.3"]
[White "Krutko, Anatoly"]
[Black "Vdovin, Vadim"]
[Result "1/2-1/2"]
[WhiteElo "2397"]
[BlackElo "2375"]
[PlyCount "56"]
[EventDate "2015.05.01"]

1. g3 g6 2. Bg2 Bg7 3. Nf3 Nf6 4. O-O O-O 5. c4 d6 6. Nc3 Nc6 7. d3 e5 8. Rb1
a5 9. a3 Re8 10. Bg5 h6 11. Bxf6 Bxf6 12. b4 axb4 13. axb4 Bg7 14. b5 Ne7 15.
Qb3 c6 16. Rfc1 Be6 17. Nd2 d5 18. bxc6 bxc6 19. Qb7 Rb8 20. Qa7 Ra8 21. Qc5
Bf8 22. cxd5 cxd5 23. Nb5 Nf5 24. Qc7 Rc8 25. Qa7 Ra8 26. Qc7 Rc8 27. Qa7 Ra8
28. Qc7 Rc8 1/2-1/2

[Event "Team men HL chess"]
[Site "?"]
[Date "2015.05.04"]
[Round "4.4"]
[White "Airapetian, Gor"]
[Black "Akhmetov, Artiom"]
[Result "1/2-1/2"]
[WhiteElo "2439"]
[BlackElo "2481"]
[PlyCount "71"]
[EventDate "2015.05.01"]

1. d4 d5 2. c4 dxc4 3. e4 e5 4. Nf3 exd4 5. Bxc4 Nc6 6. O-O Be6 7. Bb5 Bc5 8.
Nbd2 Nge7 9. Ng5 Qd6 10. Nxe6 Qxe6 11. Nb3 Qd6 12. Bf4 Qxf4 13. Nxc5 O-O 14. g3
Qg5 15. Rc1 Rfb8 16. Qa4 Qg6 17. f4 a6 18. Bxc6 Nxc6 19. Nxb7 Rxb7 20. Qxc6
Qxc6 21. Rxc6 Rxb2 22. Rf2 Rab8 23. Rxc7 g6 24. Rd7 Rxf2 25. Kxf2 Rb2+ 26. Kf3
Rxa2 27. Rxd4 Rxh2 28. Ra4 h5 29. Rxa6 Rb2 30. Ra3 Kg7 31. e5 Rb4 32. Rc3 Ra4
33. Re3 Rb4 34. Rc3 Ra4 35. Re3 Rb4 36. Rc3 1/2-1/2

[Event "Team men HL chess"]
[Site "?"]
[Date "2015.05.04"]
[Round "4.4"]
[White "Paravyan, David"]
[Black "Sadovsky, Artem"]
[Result "1-0"]
[WhiteElo "2453"]
[BlackElo "2381"]
[PlyCount "49"]
[EventDate "2015.05.01"]

1. e4 g6 2. d4 Bg7 3. Nf3 d6 4. Be2 e5 5. O-O exd4 6. Nxd4 Nf6 7. Nc3 O-O 8.
Bg5 h6 9. Bh4 Re8 10. f3 Nbd7 11. a4 a6 12. a5 Nc5 13. Bc4 Be6 14. Nxe6 Nxe6
15. f4 g5 16. fxg5 Nxg5 17. Qd3 Re5 18. Rad1 Rxa5 19. Nd5 c6 20. Nxf6+ Bxf6 21.
e5 Bg7 22. Rxf7 Kh8 23. Qg6 Qg8 24. Bxg5 hxg5 25. Bd3 1-0

[Event "Team men HL chess"]
[Site "?"]
[Date "2015.05.04"]
[Round "4.4"]
[White "Pogosian, Manvel"]
[Black "Vavulin, Maksim"]
[Result "0-1"]
[WhiteElo "2378"]
[BlackElo "2442"]
[PlyCount "76"]
[EventDate "2015.05.01"]

1. Nf3 g6 2. d4 Bg7 3. g3 d6 4. Bg2 Nd7 5. O-O e5 6. c4 Ne7 7. Nc3 O-O 8. e4 h6
9. b3 Nc6 10. dxe5 dxe5 11. Ba3 Re8 12. Bh3 Nd4 13. Nb5 Ne6 14. Re1 a6 15. Nc3
Nd4 16. Nxd4 exd4 17. Nd5 g5 18. Bxd7 Bxd7 19. Bc5 d3 20. Rc1 b6 21. Be3 Rxe4
22. Qxd3 Bf5 23. f3 Re5 24. Qd2 c6 25. Nc3 Qxd2 26. Bxd2 Rd8 27. Rxe5 Bxe5 28.
Be1 Rd3 29. Kg2 h5 30. h3 g4 31. hxg4 hxg4 32. fxg4 Bxg4 33. Rc2 Re3 34. Rc1 f5
35. b4 Kf7 36. a4 Rxe1 37. Rxe1 Bxc3 38. Rb1 Ke6 0-1

[Event "Team men HL chess"]
[Site "?"]
[Date "2015.05.04"]
[Round "4.4"]
[White "Savenkov, Konstantin"]
[Black "Kalugin, Sergey G"]
[Result "0-1"]
[WhiteElo "2332"]
[BlackElo "2389"]
[PlyCount "80"]
[EventDate "2015.05.01"]

1. e4 c5 2. Nf3 e6 3. d3 Nc6 4. g3 d5 5. Nbd2 Nf6 6. Bg2 g6 7. O-O Bg7 8. exd5
Nxd5 9. Nb3 b6 10. d4 c4 11. Nbd2 Nxd4 12. Nxd4 Bxd4 13. Nxc4 Bg7 14. Na3 Rb8
15. c4 Ne7 16. Qe2 e5 17. Rd1 Bd7 18. Nb5 O-O 19. Nxa7 Qc7 20. Nb5 Bxb5 21.
cxb5 Nf5 22. Be3 Nd4 23. Bxd4 exd4 24. a4 Rfe8 25. Qd3 Qd6 26. Qc4 Rbd8 27. Ra3
Re5 28. b4 Qe7 29. Bf1 Re4 30. Rdd3 Bf8 31. Rab3 Ra8 32. a5 bxa5 33. bxa5 Rxa5
34. Rxd4 Re1 35. Kg2 Raa1 36. Bd3 Rac1 37. Bc2 Qb7+ 38. Kh3 Re5 39. Rf4 Rh5+
40. Kg4 Rc5 0-1

[Event "Team men HL chess"]
[Site "?"]
[Date "2015.05.04"]
[Round "4.5"]
[White "Nozdrachev, Vladislav"]
[Black "Iljin, Artem"]
[Result "1-0"]
[WhiteElo "2476"]
[BlackElo "2537"]
[PlyCount "169"]
[EventDate "2015.05.01"]

1. e4 c6 2. d4 d5 3. Nc3 dxe4 4. Nxe4 Bf5 5. Ng3 Bg6 6. Nh3 Nf6 7. Nf4 e5 8.
Nxg6 hxg6 9. dxe5 Qa5+ 10. Bd2 Qxe5+ 11. Qe2 Qxe2+ 12. Bxe2 Nbd7 13. O-O-O Bc5
14. f4 O-O 15. Rhe1 a5 16. Bf3 Bb4 17. c3 Bc5 18. Kc2 Rfe8 19. Ne4 Nxe4 20.
Rxe4 Nf6 21. Re5 Bd6 22. Rxe8+ Rxe8 23. g3 Kf8 24. Re1 Rd8 25. Be3 a4 26. Bb6
Ra8 27. Bd4 Ra5 28. Be3 Ra8 29. Re2 Ra5 30. Bd2 Ra8 31. b4 axb3+ 32. axb3 Ra1
33. Kb2 Rf1 34. Bg2 Rd1 35. Kc2 Ra1 36. b4 Nd5 37. Kd3 Ra8 38. Kc4 b5+ 39. Kb3
Re8 40. Rxe8+ Kxe8 41. c4 bxc4+ 42. Kxc4 Nb6+ 43. Kb3 Kd7 44. Bc3 Bf8 45. Bd4
Kc7 46. Be5+ Kd7 47. h4 Nc8 48. Bh3+ Kd8 49. f5 gxf5 50. Bxf5 f6 51. Bd4 Kc7
52. g4 Nb6 53. Be4 Nd7 54. Bc3 Bd6 55. Bf5 Bg3 56. h5 Be5 57. Bd2 Nb6 58. Be4
Nc8 59. Be3 Nd6 60. Bg6 Nb5 61. Kc4 Nd6+ 62. Kd3 Kd7 63. Bc5 Ke6 64. Bh7 Kf7
65. Be3 Ke6 66. Bg8+ Kd7 67. Bc5 Ke7 68. Ke3 Kd7 69. Kd3 Ke7 70. Bb3 Kd7 71.
Be3 Ke7 72. g5 fxg5 73. Bxg5+ Kd7 74. Be3 Ke7 75. Ba4 Kd7 76. Bd4 Bxd4 77. Kxd4
Nf5+ 78. Ke5 Ng3 79. Bd1 c5 80. b5 Kc7 81. Kf4 Nf1 82. Be2 Nd2 83. Kf5 Nb3 84.
Kg6 Nd4 85. Bc4 1-0

[Event "Team men HL chess"]
[Site "?"]
[Date "2015.05.04"]
[Round "4.5"]
[White "Rodchenkov, Sergey D"]
[Black "Prizant, Jaroslav"]
[Result "1/2-1/2"]
[WhiteElo "2355"]
[BlackElo "2511"]
[PlyCount "71"]
[EventDate "2015.05.01"]

1. d4 Nf6 2. Nf3 g6 3. c4 Bg7 4. Nc3 d5 5. Bf4 O-O 6. e3 c5 7. dxc5 Qa5 8. Rc1
dxc4 9. Bxc4 Qxc5 10. Bb3 Nc6 11. O-O Qa5 12. h3 Bf5 13. Qe2 Ne4 14. g4 Nxc3
15. bxc3 Bd7 16. Rfd1 Rad8 17. Rd5 Qa3 18. Rcd1 Be6 19. Rxd8 Nxd8 20. Qb5 Bxb3
21. axb3 Bxc3 22. Bh6 Bg7 23. Bxg7 Kxg7 24. Rd7 Qc1+ 25. Kg2 Qc6 26. Qxc6 Nxc6
27. Rxb7 Rb8 28. Rc7 Rb6 29. Nd2 Kf8 30. Nc4 Ra6 31. Rc8+ Kg7 32. Rc7 Kf8 33.
Rc8+ Kg7 34. Rc7 Kf8 35. Rc8+ Kg7 36. Rc7 1/2-1/2

[Event "Team men HL chess"]
[Site "?"]
[Date "2015.05.04"]
[Round "4.5"]
[White "Sarana, Alexey"]
[Black "Gerasimov, Ivan"]
[Result "1-0"]
[WhiteElo "2436"]
[BlackElo "2329"]
[PlyCount "67"]
[EventDate "2015.05.01"]

1. d4 Nf6 2. Nf3 e6 3. c4 b6 4. g3 Bb7 5. Bg2 Be7 6. Nc3 O-O 7. Qc2 d5 8. cxd5
Nxd5 9. Nxd5 Bxd5 10. O-O Nd7 11. Bf4 c5 12. e4 Bb7 13. d5 exd5 14. exd5 Bf6
15. Rfe1 Rc8 16. Nd2 Bd4 17. Nc4 Nf6 18. Nd6 Bxd5 19. Nxc8 Qxc8 20. Be5 Bxg2
21. Kxg2 Qe6 22. Bxd4 Qd5+ 23. f3 cxd4 24. Rad1 Rd8 25. Rd3 h5 26. Red1 Qf5 27.
Qf2 h4 28. Rxd4 h3+ 29. Kg1 Rxd4 30. Qxd4 g5 31. Qc3 Qe6 32. Re1 Qf5 33. g4 Qf4
34. Qe3 1-0

[Event "Team men HL chess"]
[Site "?"]
[Date "2015.05.04"]
[Round "4.5"]
[White "Torbin, Kirill"]
[Black "Ofitserian, Boris"]
[Result "1-0"]
[WhiteElo "2372"]
[BlackElo "2259"]
[PlyCount "85"]
[EventDate "2015.05.01"]

1. d4 Nf6 2. Nf3 g6 3. c4 Bg7 4. g3 O-O 5. Bg2 d5 6. cxd5 Nxd5 7. O-O Nb6 8.
Nc3 Nc6 9. d5 Na5 10. e4 c6 11. Bf4 cxd5 12. exd5 Nac4 13. Qe2 Bf5 14. Rac1 Rc8
15. b3 Nd6 16. Ne5 Nd7 17. Rfd1 Nxe5 18. Bxe5 Bg4 19. f3 Bxe5 20. Qxe5 Bf5 21.
Ne2 Qb6+ 22. Kh1 Qf2 23. g4 Rxc1 24. Rxc1 Bd3 25. Nf4 Ba6 26. h3 Qxa2 27. Rc7
Nc8 28. Qc3 b6 29. h4 Qa3 30. h5 Qd6 31. h6 Qf6 32. Qxf6 exf6 33. d6 Nxd6 34.
Nd5 Nb5 35. Nxf6+ Kh8 36. Re7 Nd4 37. Rxa7 Be2 38. f4 Nxb3 39. Nd7 Rd8 40. Ne5
Kg8 41. Bd5 Nc5 42. Bxf7+ Kf8 43. Bxg6 1-0

[Event "Team men HL chess"]
[Site "?"]
[Date "2015.05.04"]
[Round "4.6"]
[White "Smirnov, Timofey"]
[Black "Gabrielian, Artur"]
[Result "0-1"]
[WhiteElo "2338"]
[BlackElo "2562"]
[PlyCount "98"]
[EventDate "2015.05.01"]

1. e4 g6 2. d4 Bg7 3. Nf3 d6 4. Nc3 Nf6 5. h3 O-O 6. Be2 a6 7. a4 Nc6 8. Be3 e5
9. dxe5 dxe5 10. Bc5 Re8 11. O-O b6 12. Be3 Qxd1 13. Rfxd1 Nb4 14. Rac1 Bb7 15.
Nd2 Rad8 16. f3 Nh5 17. Bc4 Nf4 18. g3 Ne6 19. Na2 Nxa2 20. Bxa2 Bc6 21. Bc4
Bxa4 22. Bxa6 Nd4 23. Bd3 Bf8 24. Kf2 Bc5 25. b3 Bd7 26. c3 Ne6 27. Nc4 f6 28.
Bxc5 Nxc5 29. Bc2 Be6 30. Nd2 Nd3+ 31. Bxd3 Rxd3 32. Ke2 Red8 33. h4 f5 34. b4
Kg7 35. exf5 gxf5 36. Nb1 Bc4 37. Ke1 e4 38. fxe4 fxe4 39. Na3 Re3+ 40. Kf2
Re2+ 41. Kg1 Rxd1+ 42. Rxd1 Bd3 43. c4 c6 44. b5 c5 45. Nb1 Rc2 46. Re1 h5 47.
Rd1 Kg6 48. Na3 Rb2 49. Ra1 Kf5 0-1

[Event "Team men HL chess"]
[Site "?"]
[Date "2015.05.04"]
[Round "4.6"]
[White "Rozhko, Dmitry"]
[Black "Tarasov, Alexandr"]
[Result "1-0"]
[WhiteElo "2334"]
[BlackElo "2261"]
[PlyCount "75"]
[EventDate "2015.05.01"]

1. d4 Nf6 2. Nf3 c5 3. c3 d5 4. Bf4 Qb6 5. Qb3 Nc6 6. Nbd2 Qxb3 7. Nxb3 c4 8.
Nbd2 Bf5 9. h3 h6 10. g4 Bh7 11. Bg2 e6 12. Ne5 Bd6 13. Bg3 Ke7 14. f4 g5 15.
O-O Nd7 16. e4 gxf4 17. Bh4+ f6 18. Nxd7 Kxd7 19. exd5 exd5 20. Bxd5 b5 21.
Bxf6 Rhe8 22. a4 a6 23. Rfe1 Bc2 24. Rxe8 Rxe8 25. axb5 axb5 26. Ra6 Ne7 27.
Bf3 Rf8 28. Be5 Bxe5 29. dxe5 Ng6 30. Bc6+ Ke7 31. Nf3 Bd3 32. Bxb5 Rb8 33. Nd4
Rb7 34. b4 Kf7 35. Bc6 Re7 36. Bd5+ Kg7 37. Nf5+ Bxf5 38. gxf5 1-0

[Event "Team men HL chess"]
[Site "?"]
[Date "2015.05.04"]
[Round "4.6"]
[White "Payanidi, Janis"]
[Black "Bykov, Egor"]
[Result "1-0"]
[WhiteElo "2264"]
[BlackElo "2245"]
[PlyCount "129"]
[EventDate "2015.05.01"]

1. e4 e6 2. d4 d5 3. Nc3 dxe4 4. Nxe4 Nd7 5. Nf3 Ngf6 6. Bd3 Nxe4 7. Bxe4 Nf6
8. Bg5 Be7 9. Bxf6 gxf6 10. c3 f5 11. Bd3 Qd5 12. Qb3 Qxb3 13. axb3 c5 14. dxc5
Bxc5 15. b4 Bd6 16. Nd4 Ke7 17. O-O Bd7 18. Rfd1 Rhd8 19. Nb3 Bc6 20. Na5 Rg8
21. Nxc6+ bxc6 22. Ra6 Rgc8 23. Rda1 Rc7 24. g3 h6 25. Bf1 c5 26. b5 Rb8 27.
Rxa7 Kf6 28. R7a6 Be7 29. c4 Rd7 30. Bg2 Rd2 31. b6 Rxb2 32. b7 Bd8 33. Ra8 Bc7
34. Bf3 f4 35. Rd1 Be5 36. Rd7 Kg6 37. Kg2 Rb4 38. Rxb8 Bxb8 39. Rd8 Be5 40.
Rc8 Bd6 41. Rc6 Be7 42. Ra6 Rb3 43. gxf4 Bd8 44. Bc6 Bc7 45. Bb5 Rd3 46. Rc6
Bxf4 47. Rc8 Rd4 48. b8=Q Bxb8 49. Rxb8 Rf4 50. Rc8 Rf5 51. h4 Kf6 52. Rc7 Kg6
53. Kg3 Kf6 54. f3 Kg7 55. Ba4 Kf6 56. Bc2 Re5 57. Kf4 Rh5 58. Kg4 Re5 59. f4
Re2 60. Ba4 e5 61. Rxc5 Re4 62. Rxe5 Rxc4 63. Rf5+ Kg6 64. h5+ Kg7 65. Bb3 1-0

[Event "Team men HL chess"]
[Site "?"]
[Date "2015.05.04"]
[Round "4.6"]
[White "Nechaev, Oleg"]
[Black "Kovalev, Egor"]
[Result "1-0"]
[WhiteElo "2339"]
[BlackElo "2127"]
[PlyCount "135"]
[EventDate "2015.05.01"]

1. g3 Nf6 2. Bg2 d5 3. Nf3 g6 4. c4 Bg7 5. O-O O-O 6. cxd5 Nxd5 7. Nc3 Nb6 8.
d3 Nc6 9. Be3 h6 10. a4 a5 11. Nd2 Nd4 12. Nb3 e5 13. Nb5 Nxb5 14. axb5 Qd7 15.
Nxa5 Qxb5 16. Nxb7 Rxa1 17. Qxa1 Nd5 18. Qa5 Qxa5 19. Nxa5 Nxe3 20. fxe3 e4 21.
Bxe4 Bxb2 22. Nc6 Kg7 23. Rb1 Ba3 24. Kf2 Bd6 25. Nd4 Bd7 26. Bc6 Bxc6 27. Nxc6
h5 28. Rb8 Rxb8 29. Nxb8 h4 30. Kg2 hxg3 31. hxg3 f5 32. Kf3 Kf6 33. Nc6 Ke6
34. Nd4+ Kd7 35. g4 fxg4+ 36. Kxg4 Ke7 37. Nb5 Bh2 38. Kh3 Bg1 39. Nxc7 Kd6 40.
Nb5+ Kc5 41. Nd4 Bxe3 42. Ne6+ Kd5 43. Nf8 g5 44. Kg4 Bc1 45. Kf3 Ke5 46. Nd7+
Kd4 47. Nf6 Be3 48. Ne4 Bf4 49. Ng3 Bc7 50. Nf5+ Ke5 51. Kg4 Bd8 52. e4 Kf6 53.
Nd4 Bc7 54. Kf3 Bb6 55. Nc2 Ke5 56. Ne3 Kd4 57. Ke2 Bc5 58. Ng4 Bd6 59. Nh6 Bc5
60. Nf5+ Ke5 61. Kf3 Bb6 62. Kg4 Bd8 63. Kg3 Bc7 64. Kf3 Bb6 65. Nh6 Kd4 66.
Ke2 Ke5 67. Nf5 g4 68. Ne3 1-0

[Event "Team men HL chess"]
[Site "?"]
[Date "2015.05.04"]
[Round "4.7"]
[White "Panarin, Mikhail"]
[Black "Smirnov, Alexey"]
[Result "1-0"]
[WhiteElo "2560"]
[BlackElo "2482"]
[PlyCount "89"]
[EventDate "2015.05.01"]

1. e4 c5 2. Nf3 d6 3. d4 cxd4 4. Nxd4 Nf6 5. f3 e5 6. Nb3 d5 7. Bg5 d4 8. c3
Nc6 9. Bb5 Qb6 10. Bxc6+ bxc6 11. cxd4 Ba6 12. Na3 Rd8 13. Bd2 exd4 14. Ba5
Bb4+ 15. Bxb4 Qxb4+ 16. Qd2 Qb6 17. Rc1 O-O 18. Qa5 Rd6 19. Kf2 Nd7 20. Rhd1 c5
21. Kg1 Rb8 22. Rd2 f6 23. Qa4 Kf8 24. Nc4 Bxc4 25. Qxc4 Ke7 26. f4 Re8 27.
Nxc5 Nxc5 28. Qxc5 Qxc5 29. Rxc5 Kf8 30. e5 fxe5 31. fxe5 Rd7 32. Kf2 Rde7 33.
Ke2 Rxe5+ 34. Rxe5 Rxe5+ 35. Kd3 Rd5 36. Kc4 Rd7 37. Rxd4 Rc7+ 38. Kb3 Kf7 39.
Rd2 g5 40. Kb4 h5 41. Kb5 Ke6 42. Ka6 Ke5 43. b4 h4 44. b5 g4 45. a4 1-0

[Event "Team men HL chess"]
[Site "?"]
[Date "2015.05.04"]
[Round "4.7"]
[White "Pakhomov, Alexey"]
[Black "Lugovskoy, Maxim"]
[Result "0-1"]
[WhiteElo "2362"]
[BlackElo "2435"]
[PlyCount "102"]
[EventDate "2015.05.01"]

1. d4 Nf6 2. Bg5 e6 3. e3 h6 4. Bh4 d6 5. Nc3 Nbd7 6. Qd2 a6 7. a4 b6 8. f4 Bb7
9. Nf3 Be7 10. Bd3 c5 11. Bxf6 Nxf6 12. O-O Qc7 13. f5 c4 14. Be2 exf5 15. d5
Qc5 16. Nd4 g6 17. Bf3 O-O 18. Kh1 Rfe8 19. Rad1 Bf8 20. Qf2 Bg7 21. h3 Re5 22.
e4 fxe4 23. Bxe4 Rf8 24. Bf3 Bxd5 25. Qd2 Bxf3 26. Nxf3 Re6 27. Nd4 Nh5 28. Rf3
Re7 29. Nde2 Re6 30. Rdf1 d5 31. g4 Nf6 32. Nd4 Rd6 33. Nce2 Ne4 34. Qd1 Rf6
35. c3 Qd6 36. Kg2 Re8 37. Qc1 Rxf3 38. Rxf3 Nc5 39. Qf1 Qe7 40. Nf4 Qe4 41.
Nde2 g5 42. Ng3 Qe5 43. Nfh5 Nd3 44. Nxg7 Ne1+ 45. Kf2 Kxg7 46. Nf5+ Kh8 47.
Re3 Qf4+ 48. Kxe1 Rxe3+ 49. Nxe3 Qxe3+ 50. Kd1 Kg7 51. Qf5 Qd3+ 0-1

[Event "Team men HL chess"]
[Site "?"]
[Date "2015.05.04"]
[Round "4.7"]
[White "Oganian, Miran"]
[Black "Draganov, Ruslan"]
[Result "1-0"]
[WhiteElo "2375"]
[BlackElo "2193"]
[PlyCount "109"]
[EventDate "2015.05.01"]

1. d4 d5 2. c4 c6 3. Nf3 dxc4 4. e3 Be6 5. a4 g6 6. Na3 Nf6 7. Bxc4 Bd5 8. Qb3
Qb6 9. Bxd5 Nxd5 10. Nd2 Nd7 11. Nac4 Qxb3 12. Nxb3 Bg7 13. Nba5 Nb4 14. Ke2 b6
15. Nb3 O-O 16. Bd2 Na6 17. Rhd1 Rfd8 18. Bc3 c5 19. Rac1 Rac8 20. d5 Bxc3 21.
bxc3 f5 22. d6 e6 23. f3 Nab8 24. e4 Nc6 25. h3 Kf7 26. Ke3 Nce5 27. Nbd2 f4+
28. Kxf4 Nd3+ 29. Ke3 Nxc1 30. Rxc1 e5 31. f4 Ke6 32. g3 a6 33. Nf3 b5 34. axb5
axb5 35. Ncxe5 Nxe5 36. fxe5 h6 37. Rd1 g5 38. Rd5 Rd7 39. g4 Ra7 40. h4 gxh4
41. Nxh4 Rg7 42. Kf4 h5 43. g5 Rf7+ 44. Ke3 b4 45. g6 Rf1 46. cxb4 Re1+ 47. Kf4
c4 48. d7 Rf8+ 49. Nf5 Rf1+ 50. Kg5 R1xf5+ 51. exf5+ Kxd5 52. g7 Rd8 53. Kf6 c3
54. e6 c2 55. e7 1-0

[Event "Team men HL chess"]
[Site "?"]
[Date "2015.05.04"]
[Round "4.7"]
[White "Romanenkov, Aleksandr"]
[Black "Kudelya, Igor"]
[Result "0-1"]
[WhiteElo "2123"]
[BlackElo "2256"]
[PlyCount "120"]
[EventDate "2015.05.01"]

1. e4 c5 2. Nf3 Nc6 3. d4 cxd4 4. Nxd4 Qc7 5. Nc3 e6 6. Be3 Nf6 7. Qd2 Nxd4 8.
Qxd4 Ng4 9. O-O-O Nxe3 10. Qxe3 a6 11. f4 d6 12. Bd3 Bd7 13. f5 Be7 14. g4 Bf6
15. Ne2 O-O-O 16. Kb1 Kb8 17. g5 Be5 18. h4 Rhe8 19. fxe6 fxe6 20. Rhf1 Rf8 21.
c3 Qc5 22. Nd4 b5 23. Be2 Ka8 24. Qd3 Ka7 25. Bg4 b4 26. Nb3 Qb6 27. c4 Bc8 28.
Rf3 a5 29. Rdf1 Rxf3 30. Qxf3 a4 31. Nc1 Qd4 32. Qf2 Bb7 33. Qxd4+ Bxd4 34. Rf7
Kb6 35. Bf3 Rc8 36. b3 axb3 37. axb3 Bc6 38. Nd3 Bc3 39. Nf4 Ra8 40. Nxe6 Ra3
41. Kc2 Ra2+ 42. Kc1 Rf2 43. h5 Rf1+ 44. Kc2 Bxe4+ 45. Bxe4 Rxf7 46. Bxh7 Rf3
47. Be4 Rh3 48. Bg6 Be5 49. h6 gxh6 50. gxh6 Rxh6 51. Bf5 Rf6 52. Bg4 Rg6 53.
Bf5 Rg3 54. Bd3 Rg2+ 55. Kc1 Rh2 56. Be4 Re2 57. Bd3 Bb2+ 58. Kb1 Rxe6 59. Kxb2
Kc5 60. Kc2 Kd4 0-1